| 000 | 03784nam a22005898a 4500 | ||
|---|---|---|---|
| 999 |
_c64961 _d64961 |
||
| 001 | 768714001 | ||
| 003 | CO-MdFUSBCO | ||
| 005 | 20190515131955.0 | ||
| 008 | 940510s1993 nyu 000 0 eng | ||
| 010 | _a93029474 | ||
| 020 |
_a0824512545 _qvol. 2 |
||
| 020 |
_a08245125 _qvol. 1 |
||
| 020 |
_a0824512553 _qvol. 3 |
||
| 040 |
_aDLC _cCO-MdFUSB _dDLC _dCO-MdFUSB _bspa _erda |
||
| 041 | 1 |
_aeng _hger |
|
| 043 | _ae------ | ||
| 082 |
_223 _a270 _bH673 |
||
| 245 | 0 | 4 |
_aAnd abridgment of history of the church : _bThe Medieval and Reformation church. The early church, the medieval and reformation church. The church in the modern world / _ceditado por Hubert Jedin ; Traducción al inglés editada por John Dolan ; abreviado por D. Larrimore Holland. |
| 246 | 3 | _aHistory of the church. | |
| 260 | _bCrossroad, | ||
| 264 | 1 |
_aNew York : _bCrossroad, _c[1992-1993] |
|
| 264 | 4 | _c©1992-1993 | |
| 300 |
_axviii, 1054 págnas. ; _c26 cm. |
||
| 336 |
_2rdacontent _atexto _btxt |
||
| 337 |
_2rdamedia _asin mediación _bn |
||
| 338 |
_2rdacarrier _avolumen _bnc |
||
| 490 | 1 | _aHistory of the church ; | |
| 505 | 0 |
_gLibro 1: _tSobre la comunidad apostólica de Constantino. _aParte 1: El principio -- Parte 2: La gran iglesia cristiana de los primeros tiempos (ca. 180-324 C.E.). |
|
| 505 | 0 |
_gLibro 2: _tDe la iglesia imperial de Constantino a la edad media temprana. _aParte 1: El desarrollo de la iglesia del imperio en el marco de la política imperial. -- Parte 2: Las disputas teológicas en el este y el oeste a mediados del siglo quinto. -- Parte 3: Vida interior de la iglesia entre Nicea y calcedonia.-- Parte 4: La iglesia temprana Bizantina. -- Parte 5: La iglesia latina en la transición a la edad media temprana. |
|
| 505 | 0 |
_gLibro 3: _tLa iglesia en la era del Feudalismo. _aParte 1: La iglesia bajo ley de dominación -- Parte 2: Lucha por la libertad de la iglesia. |
|
| 505 | 0 |
_gLibro 4: _tSobre la alta edad media, a vísperas de la Reforma. _a Parte 1: La alta edad media -- Parte 2: La edad media tardía. |
|
| 505 | 0 |
_gLibro 5: _tReforma y contrarreforma. _aParte 1: La reforma protestante. -- Parte 2: Reforma católica y contrarreforma. -- |
|
| 505 | 0 |
_gLibro 6: _t La iglesia en la era del absolutismo y la iluminación. _aParte 1: Posición de liderazgo de Francia. -- Parte 2: La iglesia establecida y la ilustración. |
|
| 505 | 0 |
_gLibro 7: _tLa iglesia entre la revolución y la reforma. _aParte 1: La iglesia Católica y la revolución. -- Parte 2: La iglesia Católica y la restauración. -- Parte 3: Entre la revolución de 1830 y 1848. |
|
| 505 | 0 |
_gLibro 8: _tLa iglesia en la era del Liberalismo. _aParte 1: Entre la revolución de 1830 y 1848 -- Parte 2: El catolicismo, reacción al liberalismo. |
|
| 505 | 0 |
_gLibro 9: _tLa iglesia en la era Industrial. _aParte 1: El problema de adaptación al mundo moderno. -- Parte 2: Concentración defensiva de fuerzas. -- Parte 3: La expansión de las misiones católicas por la época de León XIII hasta la segunda guerra mundial |
|
| 505 | 0 |
_gLibro 10: _tLa iglesia en la Edad Moderna. |
|
| 563 | _aPasta dura. | ||
| 610 | 2 | 0 |
_aCatholic Church _xHistory _y16th century. |
| 610 | 2 | 7 |
_aIglesia Católica _xHistoria _ySiglo XVII. |
| 610 | 2 | 0 |
_aCatholic Church _xHistory _y17th century. |
| 610 | 2 | 7 |
_aIglesia Católica _xHiistoria _ySiglo XVII. |
| 610 | 2 | 0 |
_aCatholic Church _xHistory _y18th century. |
| 610 | 2 | 7 |
_aIglesia Católica _xHistoria _ySiglo XVIII. |
| 651 | 0 |
_aEurope _xChurch history _y600-1500. |
|
| 651 | 0 |
_aEuropa. _xHistoria de la Iglesia _y600-1500. |
|
| 700 | 1 |
_aJedin, Hubert, _d1900-1980. _eeditor |
|
| 700 | 1 |
_aDolan, John Patrick. _eeditor en inglés |
|
| 700 | 1 |
_aHolland, David Larrimore. _eAbreviaciones |
|
| 830 | 0 | _aHandbuch der Kirchengeschichte. | |
| 942 | _cREF | ||